MARC

LEADER 00000nam0a2200000 4500
001 251500
005 20231101232649.0
010 |a 5235001168 
020 |a RU  |b 89-27651 
035 |a (RuTPU)RU\TPU\book\273799 
090 |a 251500 
100 |a 20140221d1989 km y0rusy5003 ca 
101 0 |a rus 
102 |a RU 
105 |a a z 000zy 
200 1 |a Ума и сердца излученье  |e очерки  |f Сост. В. Ф. Белых 
210 |a Москва  |c Мол. гвардия  |d 1989 
215 |a 221 с.  |c ил. 
606 1 |a Антиобщественное поведение  |x Этические проблемы  |2 stltpush  |3 (RuTPU)RU\TPU\subj\29223  |9 52605 
610 1 |a советский народ 
610 1 |a коммунистическая мораль 
610 1 |a этика 
610 1 |a тунеядство 
610 1 |a пьянство 
610 1 |a наркомания 
686 |a Ю777.1  |2 rubbk 
702 1 |a Белых  |b В. Ф.  |4 340 
801 0 |a RU  |b RuMRKP  |c 19950417  |g psbo 
801 1 |a RU  |b 63413507  |c 20140221 
801 2 |a RU  |b 63413507  |c 20140318  |g RCR 
942 |c BK